00868nam a2200193 i 450000100060000000300090000600500170001500700030003200800410003510000430007624502250011926000360034430000440038065000430042465100480046785200210051599900170053695201210055364941ES-MaACL20250814065537.0t|040107s1910 sp ||||1| spa d1 aFournier González, Gervasio.920279310aGeografía crítica e histórica de la Edad Antigua y principalmente de España / cpublicada por el Ministerio de Instrucción Pública y Bellas Artes bajo la dirección de su autor, Gervasio Fournier-González. aMadrid : bJ. Palacios, c1910. a1 v. : lám. 1-58 . : bil. ; c31 cm.07aGeografía histórica2embne9136174 4aEspaña-xGeografía histórica.9141109 aES-MaACLjG-5590 c64941d64941 00104070aATENEOMbATENEOMcDEPO2d2008-01-17eSCl0oG-5590p1068044r2023-02-23 00:00:00w2023-02-23yMONOGRAFIA